Hazrat Abu Bakr : (Record no. 32674)
[ view plain ]
| 000 -LEADER | |
|---|---|
| fixed length control field | 00756cam a22002531 4500 |
| 001 - CONTROL NUMBER | |
| control field | 32674 |
| 003 - CONTROL NUMBER IDENTIFIER | |
| rucl marc code | BD-RjUL |
| 005 - DATE AND TIME OF LATEST TRANSACTION | |
| control field | 20211209051858.0 |
| 008 - FIXED-LENGTH DATA ELEMENTS--GENERAL INFORMATION | |
| fixed length control field | 140427r19691947pk 001 0 eng |
| 035 ## - SYSTEM CONTROL NUMBER | |
| System control number | (BD-RjUL)32764 |
| System control number | (OCoLC)1307497 |
| 040 ## - CATALOGING SOURCE | |
| Original cataloging agency | DLC |
| Transcribing agency | NIC |
| Modifying agency | BD-RjUL |
| Language of cataloging | eng |
| 041 ## - LANGUAGE CODE | |
| Language code of text/sound track or separate title | eng |
| 082 00 - DEWEY DECIMAL CLASSIFICATION NUMBER | |
| Classification number | 297.921 |
| Author mark and year | BAH 1969 |
| 100 1# - MAIN ENTRY--PERSONAL NAME | |
| Personal name | Bahadur, Nawab Sadr Yar Jung. |
| 9 (RLIN) | 99386 |
| 245 10 - TITLE STATEMENT | |
| Title | Hazrat Abu Bakr : |
| Statement of responsibility, etc. | Translated by Syed Moinul Haq. |
| Remainder of title | the first Caliph of Islam / |
| 260 ## - PUBLICATION, DISTRIBUTION, ETC. (IMPRINT) | |
| Place of publication, distribution, etc. | Lahore : |
| Name of publisher, distributor, etc. | Sh. Muhammad Ashraf, |
| Date of publication, distribution, etc. | 1947 [Reprinted 1969]. |
| 300 ## - PHYSICAL DESCRIPTION | |
| Pagination | xvi, 184 p. ; |
| Size | 22 cm. |
| 504 ## - BIBLIOGRAPHY, ETC. NOTE | |
| Bibliography, etc | Includes index. |
| 600 00 - SUBJECT ADDED ENTRY--PERSONAL NAME | |
| Personal name | Abū Bakr, |
| Titles and other words associated with a name | Caliph, |
| Dates associated with a name | -634. |
| 942 ## - ADDED ENTRY ELEMENTS (KOHA) | |
| Source of classification or shelving scheme | Dewey Decimal Classification |
| Koha item type | Books |
| Lost status | Source of classification or shelving scheme | Damaged status | Not for loan | Collection code | Permanent Location | Current Location | Shelving location | Date acquired | Source of acquisition | Cost, normal purchase price | Total Checkouts | Full call number | Date last seen | Copy number | Koha item type |
|---|---|---|---|---|---|---|---|---|---|---|---|---|---|---|---|
| Dewey Decimal Classification | Non-fiction | Central Library, University of Rajshahi | Central Library, University of Rajshahi | 20/04/1974 | Provincial Book Depot. Dhaka | 6.00 | 297.921 BAH 1969 | 27/04/2014 | C-2 | Books | |||||
| Dewey Decimal Classification | Non-fiction | Central Library, University of Rajshahi | Central Library, University of Rajshahi | 18/02/1967 | S.M. Mirza | 6.00 | 297.921 BAH 1963 | 28/04/2014 | C-1 | Books |